El último imperio. Los días finales de la Unión Soviética
Shranjeno v:
| Glavni avtor: | |
|---|---|
| Drugi avtorji: | |
| Format: | Knjiga |
| Jezik: | angleščina španščina |
| Izdano: |
Madrid, España
Turner Publicaciones S.L.
2015
|
| Izdaja: | Primera edición |
| Serija: | Turner Noema
|
| Teme: | |
| Oznake: |
Označite
Brez oznak, prvi označite!
|
MARC
| LEADER | 00000nam a22000007a 4500 | ||
|---|---|---|---|
| 003 | CL-VaPUC | ||
| 005 | 20210705123003.0 | ||
| 008 | 210527b ||||| |||| 00| 0 eng d | ||
| 999 | |c 433009 |d 433007 | ||
| 020 | |a 9788416142101 | ||
| 040 | |c Pontificia Universidad Católica de Valparaíso | ||
| 041 | 0 | |a spa | |
| 082 | 0 | |2 21 |a 947.086 PLO 2015 | |
| 100 | 1 | |a Plokhy, Serhii |e autor |9 861073 | |
| 245 | 1 | 3 | |a El último imperio. |b Los días finales de la Unión Soviética |
| 250 | |a Primera edición | ||
| 260 | 3 | |a Madrid, España |b Turner Publicaciones S.L. |c 2015 | |
| 300 | |a 516 páginas | ||
| 490 | |a Turner Noema | ||
| 500 | |a Donación VRA N. Vásquez L. | ||
| 583 | |c 20210527 |k Daniel Castañeda | ||
| 650 | 0 | 0 | |9 343091 |a Historia de Rusia |x Imperio soviético |y 1991 |
| 650 | 0 | 0 | |a Imperialismo |9 258264 |x Historia política |z Unión Soviética |
| 700 | 1 | |a Sauras Rodríguez-Olleros, Pablo |e traductor |9 861074 | |
| 942 | |2 ddc |c BK | ||
| 952 | |0 0 |1 0 |2 ddc |4 0 |6 947_086000000000000_PLO_2015 |7 0 |8 A |9 577908 |a BIBHIS |b BIBHIS |d 2021-05-27 |i 5621550 |l 1 |o 947.086 PLO 2015 |p 5621550 |r 2025-01-20 |s 2022-01-07 |t 1 |w 2021-05-27 |y BK |k HIS | ||